00403nam a2200157Ia 4500001000500000005001700005008004100022041000800063082001800071100003400089245007500123260000900198300002200207650000800229654000800237334220260306145636.0260306t2003||||xx |||||||||||||| ||spa|| aESP a270bH59 T. 3 aCárcel Ortí, VicenteeAUT 0aHistoria de la iglesia:bIII. la iglesia en la época contemporánea c2003 apágs. :c21 cm. aGEN aCHU